Last Six Unique European Football League Champions - Statistics

General Stats
  • This quiz has been taken 1,394 times
    556 since last reset
  • The average score is 31 of 36
Answer Stats
Season Club % Correct
2024/25 Liverpool
100%
2016/17 Chelsea
99%
2023/24 Manchester City
99%
2012/13 Manchester United
99%
2024/25 Paris Saint-Germain
99%
2024/25 FC Barcelona
98%
2024/25 FC Bayern München
98%
2015/16 Leicester City
98%
2023/24 Real Madrid
98%
2021/22 AC Milan
97%
2003/04 Arsenal
97%
2011/12 Borussia Dortmund
97%
2023/24 FC Internazionale Milano
97%
2024/25 SSC Napoli
97%
2020/21 Atlético de Madrid
96%
2019/20 Juventus
96%
2021/22 AFC Ajax
95%
2023/24 Bayer 04 Leverkusen
94%
2024/25 PSV
92%
2000/01 AS Roma
90%
2020/21 Lille OSC
90%
2003/04 Valencia
90%
2016/17 AS Monaco
88%
2009/10 Olympique de Marseille
88%
2022/23 Feyenoord
87%
1999/00 SS Lazio
82%
2008/09 VfL Wolfsburg
77%
1999/00 RC Deportivo de La Coruña
74%
2006/07 VfB Stuttgart
68%
2003/04 SV Werder Bremen
66%
2011/12 Montpellier HSC
65%
2008/09 FC Girondins de Bordeaux
64%
1983/84 Athletic Club
61%
2008-09 Alkmaar Zaanstreek
58%
2009/10 FC Twente
57%
1963/64 AFC DWS
9%
No matching quizzes found
Score Distribution
Percent of People with Each Score
Percentile by Number Answered
Your Score History
You have not taken this quiz since the last reset